Návrh zariadenia na využívanie zrážkovej vody

Salvato in:
Dettagli Bibliografici
Autore principale: Majerech, Michal (Autore)
Altri autori: Jánošková, Taťjana (Relatore della tesi)
Natura: Manoscritto Libro
Lingua:slovacco
Pubblicazione: 2015
Soggetti:
Accesso online:http://is.stuba.sk/zp/portal_zp.pl?podrobnosti=109321
https://opac.crzp.sk/?fn=detailBiblioForm&sid=A7BD2F096A49022F2FC39437FE46
Tags: Aggiungi Tag
Nessun Tag, puoi essere il primo ad aggiungerne!!

MARC

LEADER 00000ntm a22000003a 4500
001 stuzp50927
003 SK-STU
005 20231025134551.0
007 ta
008 150427s2015----xo-----f-mn---000-0-slo-d
040 |a STU  |b slo 
041 0 |a slo 
100 1 |a Majerech, Michal  |u 010290  |4 aut  |U SvF Stavebná fakulta  |T SvF Katedra technických zariadení budov  |X 67441  |U V290  |Y 31  |7 A000067441 
242 0 1 |a Designing of a system for utilization of rainwater  |y eng 
245 1 0 |a Návrh zariadenia na využívanie zrážkovej vody 
260 |c 2015 
650 4 |a úžitková voda  |2 slo 
650 4 |a zrážková voda  |2 slo 
650 4 |a zelená stena  |2 slo 
650 4 |a rainwater  |2 eng 
650 4 |a drinking water  |2 eng 
650 4 |a green wall  |2 eng 
700 1 |a Jánošková, Taťjana  |4 ths  |X 2745  |7 A000002745 
856 4 |u http://is.stuba.sk/zp/portal_zp.pl?podrobnosti=109321 
856 4 |u https://opac.crzp.sk/?fn=detailBiblioForm&sid=A7BD2F096A49022F2FC39437FE46 
SQL |a stuzp50927  |b DDP  |c SLO  |d Návrh zariadenia na využívanie zrážkovej vody  |e 67441  |f Majerech, Michal  |g 010290  |h 2745  |i Jánošková, Taťjana  |j 20150615  |k 24  |l 01  |m http://is.stuba.sk/zp/portal_zp.pl?podrobnosti=109321  |n I-TZB  |o 5.1.4. pozemné stavby